000 00461nam a2200181Ia 4500
005 20250508151452.0
008 008 250505s9999 xx 000 0 eng d
037 _aTextual
040 _aFEDL
_beng
_cFEDL
041 _aeng
_2eng
084 _a955, GHI
_qFEDL
100 _aGhirshman R
245 0 _aIran
260 _aHarmondsworth
_bPenguin Books Limited
_c1954
300 _a367p.
942 _cTEXL
_h955, GHI
999 _c1329994
_d1329994